banner koha

Programa Fitossanitário da Bahia; safra 2014/2015 (Registro n. 298958)

MARC details
000 -LÍDER
Campo de controle fixo 01126nam a22003497a 4500
001 - NÚMERO DE CONTROLE
Número de controle BR2024000534
003 - CÓDIGO MARC DA AGÊNCIA CATALOGADORA
Campo de controle BR-BrBNA
005 - DATA E HORA DA ÚLTIMA ATUALIZAÇÃO
Campo de controle 20240327153841.0
008 - CAMPO DE TAMANHO FIXO
Campo fixo de controle 240327b bl.||||| |||| 00| 0 por d
040 ## - FONTE DA CATALOGAÇÃO
Agência catalogadora BR-BrBNA
Idioma da catalogação por
041 ## - CÓDIGO DO IDIOMA
Código do Idioma por
072 ## - CATEGORIA AGRIS
Código da categoria de assunto/objeto <a href="H01 ; H10 ; F30">H01 ; H10 ; F30</a>
Código do objeto 4020
090 ## - NÚMERO DE CHAMADA
Localização na estante 4020 BR2024000534
110 ## - ENTRADA PRINCIPAL - ENTIDADE
Nome da entidade ou lugar Associação Baiana dos Produtores de Algodão, Luís Eduardo Magalhães, BA (Brasil)
110 ## - ENTRADA PRINCIPAL - ENTIDADE
Nome da entidade ou lugar Associação de Agricultores e Irrigantes da Bahia, Luís Eduardo Magalhães, BA (Brasil)
110 ## - ENTRADA PRINCIPAL - ENTIDADE
Nome da entidade ou lugar Fundação Bahia, Luís Eduardo Magalhães, BA (Brasil)
245 ## - TÍTULO PRINCIPAL
Título principal Programa Fitossanitário da Bahia; safra 2014/2015
260 ## - IMPRENTA (PUBLICAÇÃO, DISTRIBUIÇÃO, ETC.)
Lugar de publicação, distribuição, etc. Luís Eduardo Magalhães, BA (Brasil)
Data de publicação, distribuição, etc 2014
300 ## - DESCRIÇÃO FÍSICA
Extensão 18 p.
500 ## - NOTA GERAL
Notas gerais 20 illus.; 7 tables
650 ## - ASSUNTO - THESAGRO
Cabeçalho tópico ou nome geográfico DEFESA FITOSSANITÁRIA
650 ## - ASSUNTO - THESAGRO
Cabeçalho tópico ou nome geográfico PROTEÇÃO DE PLANTA
650 ## - ASSUNTO - THESAGRO
Cabeçalho tópico ou nome geográfico PRAGA DE PLANTA
650 ## - ASSUNTO - THESAGRO
Cabeçalho tópico ou nome geográfico MANEJO INTEGRADO
650 ## - ASSUNTO - THESAGRO
Cabeçalho tópico ou nome geográfico CONTROLE BIOLÓGICO
650 ## - ASSUNTO - THESAGRO
Cabeçalho tópico ou nome geográfico CONTROLE CULTURAL
650 ## - ASSUNTO - THESAGRO
Cabeçalho tópico ou nome geográfico CONTROLE GENÉTICO
650 ## - ASSUNTO - THESAGRO
Cabeçalho tópico ou nome geográfico CONTROLE QUÍMICO
650 ## - ASSUNTO - THESAGRO
Cabeçalho tópico ou nome geográfico BAHIA
909 ## - IDENTIFICAÇÃO DO CATALOGADOR
Ano e mês da catalogação (aaaamm) 202403
Identificação do catalogador Fernando
942 ## - TIPO ESPECÍFICO
Tipo de material Livros
952 ## - LOCATION AND ITEM INFORMATION (KOHA)
-- 2024-03-27
Exemplares
Status de empréstimo Fonte de classificação Status de danificação Não pode ser emprestado Código da coleção Localização permanente Localização atual Localização na estante Total Checkouts Número de chamada Código de barras Tipo de material
  Classificação AGRIS     Agrobase Biblioteca Nacional de Agricultura - Binagri Biblioteca Nacional de Agricultura - Binagri Agrobase - Acervo Geral   4020 BR2024000534 2024-0284 Livros

BINAGRI

Telefone: (61)3218-2567/2388/3357/2097 - binagri@agro.gov.br

Ministério da Agricultura e Pecuária , Esplanada dos Ministérios, Bloco D, Anexo B, Brasília/DF, CEP: 70.043-900